| 000 | 01678nam a22002297a 4500 | ||
|---|---|---|---|
| 003 | Uzh_bibl | ||
| 008 | 240515b |||||||| |||| 00| 0 ukr d | ||
| 020 |
_a978-966-671-446-9 _c80 грн. |
||
| 040 | _bукр. | ||
| 041 |
_2ukr _aukr |
||
| 080 | _a908(477.87) | ||
| 090 |
_a908(477.87) _bК 92 |
||
| 100 | _aКупарь, Марія. | ||
| 245 |
_aНемає кращого, як в цьому світі жити _cред. Б.Кушнір _hТекст |
||
| 260 |
_aУжгород _bКарпати _c2017 |
||
| 300 |
_a128 с. _bіл. _fВ опр. |
||
| 520 | _aНа окреме слово заслуговує й літературна творчість Марії Купарь. Її вірші – це поезія людини, яка має життєвий досвід, можливо, трохи втомлена боротьбою, але не зламана обставинами, і яка живе, керуючись Божими заповідями. Її поезія глибоко духовна, сповнена християнської любові до ближнього, до всього сущого на цій Землі. Твори її гуманістичні, вчать добру, мають яскраво виражений оптимістичний характер, філософську спрямованість, водночас по-дитячому щирі й безпосередні. | ||
| 546 | _aукр. | ||
| 650 |
_a Краєзнавча література _xЛітературно-художнє видання |
||
| 655 | _aСтатті про народне мистецтво. Вірші | ||
| 942 |
_2udc _cBK |
||
| 999 |
_c9862 _d9862 |
||